Flash McQueen - Discours de motivation (Cars) - Statistiques

Statistiques générales
  • Ce quiz a été pris 561 fois
  • Le résultat moyen est 28 sur 51
Statistiques - réponses
Mots % Correct
je
96%
je
96%
Rapide,
95%
rapide.
95%
rapide
95%
suis
94%
suis
94%
Flash
72%
Un
72%
un
72%
de
70%
à
69%
McQueen !
69%
perdants.
62%
perdants.
62%
vainqueur,
62%
dej'
59%
la
59%
petit
59%
petit
59%
42
56%
déjeuner
52%
déjeuner,
52%
des
51%
Plus
51%
Concentration.
50%
concentration.
50%
mon
50%
J'en
48%
lumière,
48%
me
48%
que
48%
Bon,
46%
bon
46%
en
45%
fais
45%
qu'une
45%
bouchée
44%
p'tit
40%
ça
39%
du
39%
bien.
38%
parlant
38%
ferait
34%
Vitesse.
34%
p'tet'
30%
Nan
29%
nan
29%
nan
29%
allons-y.
22%
Oh,
19%
Aucun quiz correspondant
Distribution des résultats
% des personnes avec chaque résultat
Percentile par nombre de réponses
Votre historique - résultats
Vous n’avez pas pris ce quiz